| 000 | 01613nam a2200205 4500 | ||
|---|---|---|---|
| 999 |
_c8248 _d8248 |
||
| 020 | _a9783030587390; 9783030587406 | ||
| 050 |
_aRT50.5 _b.H95 |
||
| 100 | _aHussey, Pamela | ||
| 245 |
_aIntroduction to nursing informatics Author: Pamela Hussey; Margaret A Kennedy Publisher: Cham : Springer, 2021. Series: _cPamela Hussey, Margaret Ann Kennedy |
||
| 250 | _aFifth edition | ||
| 260 |
_aCham : _bSpringer, _c2021. |
||
| 300 |
_a1 online resource (xv, 427 pages) : illustrations (some color) _billustrations (some color) |
||
| 440 | _aHealth informatics | ||
| 500 | _aIncludes index | ||
| 505 | _aChapter 1. Introduction -- Chapter 2. eHealth a Global Priority -- Chapter 3. Nursing and Informatics -- Chapter 4. The Mechanics of Technology and Digital -- Chapter 5. Health Information Exchange: the overarching role of Integrating the Healthcare Enterprise (IHE) -- Chapter 6. Health Informatics Standards -- Chapter 7. Nursing Documentation in Digital solutions -- Chapter 8. Connected Health and the Digital Patient -- Chapter 9. Administrative Applications -- Chapter 10. Data Privacy and Security -- Chapter 11. Role of the Informatics Nurse -- Chapter 12. Researching Nursing Informatics in a Digital Age -- Chapter 13. Applied Informatics Research in Nursing for eHealth -- Chapter 14. Knowledge and Social Networks -- Chapter 15. Technology enabled Learning in Nursing -- Chapter 16. The future of nursing informatics in a digitally-enabled world. . | ||
| 650 | _aMedical informatics. | ||
| 650 |
_aNursing. _xInformation Systems |
||
| 700 | _aKennedy, Margaret Ann | ||
| 942 | _cBK | ||